000 00445nam a2200205Ia 4500
001 111040
003 YMCAF
005 20230512162435.0
008 100717s2004 ||||||||||||||||| ||und|d
024 _a111040
035 _aWB2027
040 _aYMCAF
_beng
_cIN-KoLT
041 _aeng
082 _a530.41
_bIBA
100 _aIbach, Harald
245 0 _aSolid state Physics
260 _bSpringer
_c2004
300 _a501
942 _2ddc
_cBK
999 _c12093
_d12093